Kho tàng văn học dân gian dân tộc Tà Ôi ở Việt Nam

Sách trình bày tổng quan tình hình sưu tầm, biên soạn, nghiên cứu và giới thiệu văn học dân gian dân tộc Tà Ôi ở Việt Nam từ trước đến nay. Giới thiệu ca dao, câu đố, dân ca, đồng dao, tục ngữ và truyện kể của dân tộc Tà Ôi....

ver descrição completa

Na minha lista:
Detalhes bibliográficos
Autor Corporativo: Hội Văn nghệ dân gian Việt Nam
Formato: Livro
Idioma:Undetermined
Publicado em: Hà Nội Văn hóa Thông tin 2014
Assuntos:
Tags: Adicionar Tag
Sem tags, seja o primeiro a adicionar uma tag!
Thư viện lưu trữ: Trung tâm Học liệu Trường Đại học Cần Thơ
LEADER 01040nam a2200193Ia 4500
001 CTU_190807
008 210402s9999 xx 000 0 und d
082 |a 398.209597 
082 |b H452/Q.1 
110 |a Hội Văn nghệ dân gian Việt Nam 
245 0 |a Kho tàng văn học dân gian dân tộc Tà Ôi ở Việt Nam 
245 0 |c Trần Nguyễn Khánh Phong (Sưu tầm và biên soạn) 
260 |a Hà Nội 
260 |b Văn hóa Thông tin 
260 |c 2014 
520 |a Sách trình bày tổng quan tình hình sưu tầm, biên soạn, nghiên cứu và giới thiệu văn học dân gian dân tộc Tà Ôi ở Việt Nam từ trước đến nay. Giới thiệu ca dao, câu đố, dân ca, đồng dao, tục ngữ và truyện kể của dân tộc Tà Ôi. 
650 |a Folk literature, Vietnamese,Văn học dân gian Việt Nam 
910 |a Hải 
980 |a Trung tâm Học liệu Trường Đại học Cần Thơ